| 000 | 01760cam a2200505 a 4500 | ||
|---|---|---|---|
| 001 | 21110 | ||
| 003 | VRT | ||
| 005 | 20260213145235.0 | ||
| 008 | 230403s1962 xo g 000 fdslo | ||
| 015 | _aSNBA1963/03-00614 | ||
| 020 | _q(brožované) | ||
| 035 | _aSK01SNK19630013319 | ||
| 035 | _aurn:nbn:sk:snk-am3ihli | ||
| 035 | _a29FAAE1B-000A-48FF-BEF8-26835A0FEE84 | ||
| 035 | _aurn:nbn:sk:snk-am00eebd | ||
| 035 | _aSKM000015782 | ||
| 039 | 9 |
_a202304032001 _bVLOAD _c202212050948 _dVLOAD _c202205120810 _dVLOAD _c202106231906 _dVLOAD |
|
| 040 |
_aSNK _bslo _cSNK _eAACR2 |
||
| 041 | 1 |
_aslo _hfre |
|
| 044 |
_axo _cSK |
||
| 072 | 7 |
_a821.133.1-3 _xFrancúzska próza, francúzsky písaná _2konspekt |
|
| 080 |
_a840-3 _21981 |
||
| 080 |
_a821.133.1-31 _22011 |
||
| 080 |
_a82-311.4 _22011 |
||
| 100 | 1 |
_aZola, Émile, _d1840-1902 _4aut |
|
| 240 | 1 | 0 |
_aThérese Raquin _lSlovensky |
| 245 | 1 | 0 |
_aTereza Raquinová _cEmile Zola ; [z francúzskeho originálu Thérese Raquin ... preložil Ondrej Žiška] |
| 250 | _a1. vyd. | ||
| 260 |
_aBratislava _bSlovenské vydavateľstvo krásnej literatúry _c1962 |
||
| 300 |
_a165 strán _c21 cm |
||
| 366 | _e9000 kusov | ||
| 490 | 1 |
_aHviezdoslavova knižnica _vzv. 79 |
|
| 490 | 1 |
_aVýberový rad _vzv. 21 |
|
| 500 | _aFrontispice ; obsahuje bibliografické údaje o autorovi | ||
| 655 | 7 |
_aspoločenské romány _2SNKPH |
|
| 655 | 7 |
_afrancúzske romány _2SNKPH |
|
| 700 | 1 |
_aŽiška, Ondrej _4trl |
|
| 830 | 0 | _aHviezdoslavova knižnica | |
| 830 | 0 | _aVýberový rad | |
| 910 | _asnk | ||
| 942 |
_2ddc _cKLDO _n0 |
||
| 949 |
_617A0143535 _9P60, <04>, [BOOK], {604} _asnkSC 17432 D1 |
||
| 949 |
_617A0874656 _asnkSC 17432 _bsnkKSP 1110/63 _s6100:20201007 |
||
| 999 |
_c21110 _d21110 |
||